000 00830nam a2200265Ia 4500
003 OSt
005 20220925220713.0
006 a|||||r|||| 00| 0
007 ta
008 220923b |||||||| |||| 00| 0 eng d
020 _a0333409159
037 _cGeneral Book
040 _aRTL
_cRTL
_beng
041 _2eng
_aeng
082 _aW81.58.N07<--N05, M8
100 _aRice Christopher
_9285202
245 0 _aRussian workers and the socialist-revolutionary pa
260 _aLondon
_bMacmillan
_c1988
300 _axiv, 272p
_ccm.
490 _aStudies in Soviet History and Society. Centre for Russian and East European Studies
500 _aBibliography: P 258-68
650 _aRevolution
_9230303
942 _hW81.58.N07<--N05, M8
_cGB
_2CC
999 _c572137
_d572137